山陽本線の駅 - Statistics

General Stats
  • This quiz has been taken 487 times
  • The average score is 75 of 128
Answer Stats
Hint Answer % Correct
接続路線:東海道本線 神戸
94%
接続路線:山陽新幹線,宇野線,津山線,吉備線 岡山
94%
接続路線:山陽新幹線,播但線,姫新線 姫路
93%
接続路線:山陽新幹線,芸備線,広島電鉄線 広島
92%
接続路線:山陽新幹線 西明石
91%
接続路線:山陽新幹線,赤穂線 相生
91%
接続路線:伯備線,水島臨海鉄道線 倉敷
91%
接続路線:山陽新幹線,福塩線 福山
91%
接続路線:加古川線 加古川
89%
明石
88%
接続路線:山陽新幹線 新倉敷
88%
接続路線:山陽新幹線,呉線 三原
87%
接続路線:岩徳線 岩国
86%
接続路線:山陽新幹線 徳山
86%
下関
86%
接続路線:山陽新幹線,宇部線,山口線 新山口
85%
接続路線:山陽本線(本線) | 接続路線:山陽本線支線 兵庫
84%
接続路線:智頭急行線 上郡
83%
接続路線:赤穂線 東岡山
83%
尾道
83%
接続路線:山陽新幹線 新下関
82%
接続路線:広島電鉄線,宮島航路 宮島口
80%
接続路線:山陽新幹線,美祢線 厚狭
80%
接続路線:呉線 海田市
79%
接続路線:宇部線 宇部
79%
須磨
78%
接続路線:鹿児島本線 門司
78%
糸崎
76%
接続路線:小野田線 小野田
76%
接続路線:可部線,広島電鉄線 横川
75%
網干
74%
廿日市
74%
接続路線:山陰本線 幡生
72%
接続路線:広島高速交通アストラムライン 新白島
71%
新長田
69%
東加古川
68%
東福山
68%
接続路線:スカイレールサービス 瀬野
68%
東姫路
67%
西条
67%
接続路線:広島電鉄線 西広島
67%
須磨海浜公園
66%
舞子
66%
三石
66%
笠岡
66%
66%
和気
65%
五日市
65%
垂水
64%
英賀保
64%
はりま勝原
64%
西川原・就実
64%
八本松
64%
柳井
64%
接続路線:神戸市営地下鉄海岸線 和田岬
64%
瀬戸
63%
ひめじ別所
61%
有年
61%
大竹
61%
南岩国
61%
金光
58%
東尾道
57%
和木
57%
防府
57%
大久保
56%
竜野
56%
北長瀬
56%
下松
56%
天神川
55%
鷹取
53%
万富
53%
白市
53%
中野東
51%
大野浦
51%
朝霧
50%
接続路線:岩徳線 櫛ケ浜
50%
塩屋
49%
庭瀬
49%
中庄
49%
向洋
49%
宮内串戸
49%
安芸中野
48%
宝殿
47%
吉永
47%
阿品
47%
熊山
46%
高島
46%
西阿知
46%
新井口
46%
柳井港
46%
上道
45%
里庄
45%
備後赤坂
44%
魚住
43%
土山
43%
御着
43%
松永
43%
前空
43%
玖波
43%
長府
43%
大門
42%
小月
42%
曽根
41%
入野
41%
新南陽
41%
本郷
40%
由宇
40%
鴨方
39%
河内
39%
寺家
39%
厚東
38%
田布施
36%
四辻
36%
西高屋
33%
島田
31%
大道
31%
埴生
31%
通津
30%
大畠
30%
富海
30%
嘉川
30%
藤生
28%
岩田
27%
戸田
27%
神代
26%
福川
25%
本由良
25%
No matching quizzes found
Score Distribution
Percent of People with Each Score
Percentile by Number Answered
Your Score History
You have not taken this quiz